000 00632cam a2200205 4500500
005 20260405001504.0
041 _afre
042 _adc
100 1 0 _aBakewell, Sarah
_eauthor
245 0 0 _aMontaigne. « Parce que c’était lui, parce que c’était moi »
260 _c2013.
500 _a34
690 _aAmitié
690 _aLa Boétie
690 _ales Essais
690 _aMontaigne
690 _aSarah Bakewell
786 0 _nPhilosophie magazine | 69 | 5 | 2013-05-01 | p. 39-41 | 1951-1787
856 4 1 _uhttps://shs.cairn.info/magazine-philosophie-magazine-2013-5-page-39?lang=fr&redirect-ssocas=7080
999 _c2048199
_d2048199